Life through the ages

Bibliographic Details
Main Author: Casell, Giovanni
Format: Book
Published: London : Dorling Kindersley , 1990
Series:Windows on the world
Subjects:

MARC

LEADER 00000cam a2200000 7i4500
001 0000004441
002 000004774
005 20030403.0
020 |a 0863181848 
090 0 0 |a 090   |b LIF 
100 1 |a Casell, Giovanni 
245 1 0 |a Life through the ages   |c by Giovanni Casell 
260 |a London :   |b Dorling Kindersley ,   |c 1990 
300 |a 64 p. ;   |c 29 cm. 
490 0 |a Windows on the world 
650 0 0 |a Civilization   |x History 
999 |a 030658   |b BUKU   |c JUNIOR REFERENCE   |e PERPUSTAKAAN KOMUNITI PETALING JAYA